|
|
|
|
| LEADER |
00000nam0a2200000 4500 |
| 001 |
143411 |
| 005 |
20231031143221.0 |
| 010 |
|
|
|a 5229006390
|
| 020 |
|
|
|a RU
|b 91-58685
|
| 035 |
|
|
|a (RuTPU)RU\TPU\book\155409
|
| 090 |
|
|
|a 143411
|
| 100 |
|
|
|a 20080918d1991 m a0rusy5003 ca
|
| 101 |
0 |
|
|a rus
|
| 102 |
|
|
|a RU
|
| 105 |
|
|
|a a z 001zy
|
| 200 |
1 |
|
|a Отечественная металлургия алюминия - от первых шагов до промышленного производства
|f Н. А. Калужский, А. Ю. Тайц
|
| 210 |
|
|
|a Москва
|c Металлургия
|d 1991
|
| 215 |
|
|
|a 106 с.
|c ил.
|
| 320 |
|
|
|a Библиогр.: с. 104-107.
|
| 610 |
1 |
|
|a алюминиевая промышленность
|
| 610 |
1 |
|
|a СССР
|
| 610 |
1 |
|
|a металлургия
|
| 610 |
1 |
|
|a алюминий
|
| 610 |
1 |
|
|a промышленные производства
|
| 675 |
|
|
|a 669.71
|v 3
|
| 700 |
|
1 |
|a Калужский
|b Н. А.
|g Николай Андреевич
|
| 701 |
|
1 |
|a Тайц
|b А. Ю.
|g Аркадий Юрьевич
|
| 801 |
|
0 |
|a RU
|b RuMRKP
|c 19950417
|g psbo
|
| 801 |
|
1 |
|a RU
|b 63413507
|c 20080918
|g PSBO
|
| 801 |
|
2 |
|a RU
|b 63413507
|c 20081125
|g PSBO
|
| 942 |
|
|
|c BK
|